El lugar donde estuvo el paraíso
Salvato in:
| Autore principale: | |
|---|---|
| Natura: | Libro |
| Pubblicazione: |
Santiago, Chile:
Planeta Chilena,
1998.
|
| Edizione: | Tercera edición. |
| Soggetti: | |
| Tags: |
Aggiungi Tag
Nessun Tag, puoi essere il primo ad aggiungerne!!
|
MARC
| LEADER | 00000nam a22000007a 4500 | ||
|---|---|---|---|
| 003 | CL-VaPUC | ||
| 005 | 20241211145821.0 | ||
| 008 | 241202t1998 ||||| |||| 00| 0 eng d | ||
| 999 | |c 446030 |d 446028 | ||
| 020 | |a 950742782X | ||
| 040 | |c Pontificia Universidad Católica de Valparaíso | ||
| 082 | 0 | 4 | |a Ch863 FRA 1998 |b |2 21 |
| 100 | 0 | |a Franz, Carlos |e autor |9 496568 | |
| 245 | 1 | 3 | |a El lugar donde estuvo el paraíso |
| 250 | |a Tercera edición. | ||
| 260 | |a Santiago, Chile: |b Planeta Chilena, |c 1998. | ||
| 300 | |a 265 páginas. | ||
| 500 | |a c.1. Donación PIIE 2-12-2024. | ||
| 583 | |a last modification |c 20051111 00:00:00 |k Cristina María Rojas Aguilar | ||
| 650 | 0 | |a Novelas chilenas |9 265425 | |
| 650 | 0 | |a Literatura chilena |9 308278 | |
| 942 | |c BK |2 ddc | ||
| 952 | |0 0 |1 0 |2 ddc |4 0 |6 CH_863_000000000000000_FRA_1998 |7 0 |8 A |9 598391 |a BIBEDU |b BIBEDU |d 2024-12-02 |e Donación |i 5663533 |o Ch863 FRA 1998 |p 5663533 |r 2024-12-02 |t 1 |w 2024-12-02 |y BK |k EDU | ||